000 00539nam a2200181Ia 4500
001 9369
005 20260306161713.0
008 260306t2018||||xx |||||||||||||| ||spa||
041 _aESP
082 _a378.17
_bA66
100 _aArango Aramburu, Johana Elizabeth
_eAUT
245 0 _aInteracción en el aula y competencias:
_bcómo aplicar el análisis transaccional para una interacción eficaz docente-estudiantes
260 _c2018
300 _a134 páginas :
_c24 cm.
650 _aGEN
654 _aCED
942 _cLIB
_dJUS
_fJUS
_2ddc
_n
999 _c9369
_d9369